000 00622nam a22002177a 4500
003 UA-OsUOA
001 126960
007 ta
008 20171113b un ||||| |||| 00| 0 ukr d
100 _aПуголовок Ю.О.
090 _a902
_bП88
942 _cSA
040 _aUA-OsUOA
_bukr
_cUA-OsUOA
_dUA-OsUOA
245 _aКовальська майстерня ХІІІ - ХІV ст. в Поворсклі
300 _aС.128-137
955 _a0
041 _aukr
080 _a902
773 0 _w126943
_tАрхеологія
_dК.
_d2017
_g3
650 7 _a9 Географія. Біографії. Історія
_2UDC
999 _c414127
_d414127